Monster math school time / (Record no. 4563)

MARC details
000 -LEADER
fixed length control field 01209cam a2200349 a 4500
001 - CONTROL NUMBER
control field 4563
003 - CONTROL NUMBER IDENTIFIER
control field FISKH
005 - DATE AND TIME OF LATEST TRANSACTION
control field 20250331113008.0
008 - FIXED-LENGTH DATA ELEMENTS--GENERAL INFORMATION
fixed length control field 970113s1997 nyua b 000 1 eng
010 ## - LIBRARY OF CONGRESS CONTROL NUMBER
LC control number 97005035
020 ## - INTERNATIONAL STANDARD BOOK NUMBER
International Standard Book Number 0590308599
020 ## - INTERNATIONAL STANDARD BOOK NUMBER
International Standard Book Number 078073003990
040 ## - CATALOGING SOURCE
Original cataloging agency DLC
Transcribing agency DLC
Modifying agency DLC
Language of cataloging eng
050 ## - LIBRARY OF CONGRESS CALL NUMBER
Classification number PZ8.M127
082 ## - DEWEY DECIMAL CLASSIFICATION NUMBER
Classification number 514
100 1# - MAIN ENTRY--PERSONAL NAME
Personal name Maccarone, Grace.
245 10 - TITLE STATEMENT
Title Monster math school time /
Statement of responsibility, etc. by Grace Maccarone ; illustrated by Marge Hartelius ; math activities by Marilyn Burns.
260 ## - PUBLICATION, DISTRIBUTION, ETC.
Place of publication, distribution, etc. New York :
Name of publisher, distributor, etc. Scholastic,
Date of publication, distribution, etc. 1997.
300 ## - PHYSICAL DESCRIPTION
Extent 30 unnumbered pages :
Other physical details color illustrations ;
Dimensions 23 cm
505 ## - FORMATTED CONTENTS NOTE
Formatted contents note E<br/>
520 ## - SUMMARY, ETC.
Summary, etc. From the time they get up at seven in the morning until they go to bed at eight o'clock at night, monsters spend a busy day, especially at school. Includes related activities.
521 ## - TARGET AUDIENCE NOTE
Target audience note 260<br/>
Source Lexile <br/>
521 ## - TARGET AUDIENCE NOTE
Target audience note E<br/>
Source Raz-Plus<br/>
650 #1 - SUBJECT ADDED ENTRY--TOPICAL TERM
Topical term or geographic name entry element Time
General subdivision Fiction.
650 #1 - SUBJECT ADDED ENTRY--TOPICAL TERM
Topical term or geographic name entry element Monsters
General subdivision Fiction.
650 #1 - SUBJECT ADDED ENTRY--TOPICAL TERM
Topical term or geographic name entry element Stories in rhyme.
700 1# - ADDED ENTRY--PERSONAL NAME
Personal name Hartelius, Margaret A.,
Relator term illustrator
700 1# - ADDED ENTRY--PERSONAL NAME
Personal name Burns, Marilyn,
Dates associated with a name 1941-
Relator term Illustrator
906 ## - LOCAL DATA ELEMENT F, LDF (RLIN)
a 7
b cbc
c orignew
d 1
e ocip
f 19
g y-gencatlg
942 ## - ADDED ENTRY ELEMENTS (KOHA)
Source of classification or shelving scheme Dewey Decimal Classification
Koha item type Books
Suppress in OPAC No
Holdings
Withdrawn status Lost status Source of classification or shelving scheme Damaged status Not for loan Collection Home library Current library Shelving location Date acquired Total Checkouts Full call number Barcode Date last seen Price effective from Koha item type Date due Date last checked out Copy number
    Dewey Decimal Classification     Juvenile Fiction Footprints International School Library Network Toul Kork Campus Footprints International School Library Network Toul Kork Campus TK Primary Library Room(4th Floor), Bookcase 7, Shelves 57-60, Dark Green Books 09/17/2024   MAC 514 PZ8.M127 FISTK00789 09/17/2024 09/17/2024 Books      
    Dewey Decimal Classification     Juvenile Fiction Footprints International School Library Network Toul Tom Poung Campus Footprints International School Library Network Toul Tom Poung Campus TTP Primary Green Bookshelves 03/31/2025 2 MAC 514 PZ8.M127 2025-0928 04/08/2026 03/31/2025 Books 04/22/2026 04/08/2026 2